| 000 | 01805nac a22003371u 4500 | ||
|---|---|---|---|
| 010 | _a 2002012705 | ||
| 020 | _a0520232615 (alk. paper) | ||
| 020 | _a0520232623 (pbk. : alk. paper) | ||
| 035 | _a(OCoLC)ocm50339484 | ||
| 082 | 0 | 0 |
_a338.962 _bMIT |
| 090 |
_c5181 _d5181 |
||
| 100 | _aMitchell, Timothy, | ||
| 245 | 1 | 0 |
_aRule of experts : _bEgypt, techno-politics, modernity / _cTimothy Mitchell. |
| 260 |
_aBerkeley : _bUniversity of California Press,2002 _cc2002. |
||
| 300 |
_axiii, 413 p. : _bill. ; _c24 cm. |
||
| 500 | _aParts of the text previously published. | ||
| 500 | _adistributer: Bacca | ||
| 504 | _aIncludes bibliographical references (p. 381-401) and index. | ||
| 505 | 0 | _aPara-sites of capitalism -- Can the mosquito speak? -- Principles true in every country -- The character of calculability -- Peasant studies -- The invention and reinvention of the peasant -- Nobody listens to a poor man -- Heritage and violence -- Fixing the economy -- The object of development -- The market's place -- Dreamland. | |
| 511 | _acatalogued by: wessam | ||
| 650 | 0 |
_aPeasantry _zEgypt _xHistory _y20th century. |
|
| 651 | 0 |
_aEgypt _xEconomic policy. |
|
| 651 | 0 |
_aEgypt _xEconomic conditions _y1919-1952. |
|
| 651 | 0 |
_aEgypt _xEconomic conditions _y1952- |
|
| 651 | 0 |
_aEgypt _xPolitics and government _y20th century. |
|
| 856 | 4 | 2 |
_3Contributor biographical information _uhttp://www.loc.gov/catdir/bios/ucal052/2002012705.html |
| 856 | 4 | 2 |
_3Table of contents _uhttp://www.loc.gov/catdir/toc/ucal041/2002012705.html |
| 856 | 4 | 2 |
_3Publisher description _uhttp://www.loc.gov/catdir/description/ucal042/2002012705.html |
| 942 |
_cBB _k338.962MIT |
||
| 999 |
_c5181 _d5181 |
||